|
|
|
|
| LEADER |
01432nam a2200373 a 4500 |
| 001 |
000706135 |
| 003 |
CZ BrMZK |
| 005 |
20091013080725.0 |
| 007 |
ta |
| 008 |
040212s2003 xr acf e 000 0 cze d |
| 015 |
|
|
|a cnb001300915
|
| 020 |
|
|
|a 80-247-0611-3
|q (brož.)
|
| 035 |
|
|
|a (OCoLC)56866605
|
| 040 |
|
|
|a BOA001
|b cze
|
| 072 |
|
7 |
|a 682
|x Kovářství
|2 Konspekt
|9 19
|
| 080 |
|
|
|a 682
|2 MRF
|
| 080 |
|
|
|a (0.062)
|2 MRF
|
| 100 |
1 |
|
|a Frolec, Ivo,
|d 1961-
|7 jn20001103552
|4 aut
|
| 245 |
1 |
0 |
|a Kovářství /
|c Ivo Frolec
|
| 250 |
|
|
|a 1. vyd.
|
| 260 |
|
|
|a Praha :
|b Grada,
|c 2003
|
| 300 |
|
|
|a 152 s., [8] s. obr. barev. příl. :
|b il. (některé barev.) ;
|c 21 cm
|
| 490 |
1 |
|
|a Řemesla, tradice, technika
|
| 500 |
|
|
|a Terminologický slovník
|
| 504 |
|
|
|a Obsahuje bibliografii a rejstřík
|
| 500 |
|
|
|a Dostupné též v digitální podobě v aplikaci Kramerius
|
| 650 |
0 |
7 |
|a kovářství
|7 ph114996
|2 czenas
|
| 655 |
|
7 |
|a populárně-naučné publikace
|7 fd131864
|2 czenas
|
| 830 |
|
0 |
|a Řemesla, tradice, technika
|0 s
|
| 856 |
4 |
1 |
|u https://www.digitalniknihovna.cz/mzk/uuid/uuid:b9aa0de0-0859-11e6-a611-005056827e51
|y Digitalizovaný dokument
|x NDK
|
| 910 |
|
|
|a BOA001
|b 2-1129.963
|
| 990 |
|
|
|a BK
|
| 996 |
6 |
|
|b 2610212590
|c 2-1129.963
|l MZK
|r Sklad / do 1 hodiny
|n 4
|p p.v.
|w 000706135
|u 000010
|a 1
|e BOA001
|j MZK50
|s P
|
| 996 |
7 |
|
|b 2610215396
|c 2-1129.963
|l Vol.výběr
|r VV 1p
|n 59
|p kup
|h 67/68 FRO
|w 000706135
|u 000020
|a 0
|e BOA001
|j MZK50
|s A
|